[Event "World Junior Chess Championship U18 b"]
[Site "Gaziantep"]
[Date "2008.08.11"]
[Round "9.6"]
[White "Kravtsiv, Martyn"]
[Black "So, Wesley"]
[Result "0-1"]
[WhiteElo "2555"]
[BlackElo "2577"]
[PlyCount "104"]
[EventDate "2008.08.??"]
[EventType "swiss"]
[EventRounds "13"]
[EventCountry "TUR"]

1. e4 c5 2. Nf3 Nc6 3. d4 cxd4 4. Nxd4 g6 5. Nc3 Bg7 6. Be3 Nf6 7. Bc4 O-O 8.
Bb3 a5 9. O-O d6 10. f3 Nxd4 11. Bxd4 Bd7 12. a4 Bc6 13. Nd5 Nd7 14. Bxg7 Kxg7
15. Qd4+ Kg8 16. Rfe1 Nc5 17. Ne3 b5 18. axb5 Nxb3 19. cxb3 Bxb5 20. Red1 Bd7
21. b4 axb4 22. Rxa8 Qxa8 23. Nd5 Qe8 24. Rc1 Be6 25. Nxb4 Qd7 26. Nd5 Bxd5 27.
exd5 Rb8 28. h3 f6 29. b4 Rb7 30. Qe4 Kg7 31. Kh2 Qa4 32. Rb1 Qb5 33. f4 f5 34.
Qd4+ Kg8 35. Rc1 Qxb4 36. Qe3 Kg7 37. Rc8 h5 38. h4 Kh7 39. Re8 Qe4 40. Qxe4
fxe4 41. Ra8 Kg7 42. Ra4 e3 43. Re4 Kf6 44. Rxe3 Rb4 45. Rd3 Rxf4 46. g3 Re4
47. Kg2 Ke5 48. Rd2 Rd4 49. Re2+ Kf6 50. Rf2+ Kg7 51. Re2 Kf7 52. Rf2+ Ke8 0-1

[Event "World Junior Chess Championship U18 b"]
[Site "Gaziantep"]
[Date "2008.08.11"]
[Round "9.7"]
[White "Sanikidze, Tornike"]
[Black "Negi, Parimerjan"]
[Result "1/2-1/2"]
[WhiteElo "2486"]
[BlackElo "2529"]
[PlyCount "97"]
[EventDate "2008.08.??"]
[EventType "swiss"]
[EventRounds "13"]
[EventCountry "TUR"]

1. d4 Nf6 2. c4 g6 3. Nc3 d5 4. Bg5 Ne4 5. Bf4 Nxc3 6. bxc3 Bg7 7. e3 c5 8. Nf3
O-O 9. cxd5 cxd4 10. cxd4 Qxd5 11. Be2 Nc6 12. O-O Bf5 13. Qa4 Qa5 14. Qb3 Qb4
15. Rfc1 Rac8 16. Bc4 Qxb3 17. axb3 Nb4 18. Ne5 a6 19. h3 b5 20. Bf1 Bxe5 21.
Bxe5 Bc2 22. Ra3 Rc6 23. f3 Rfc8 24. Bg3 Bd3 25. Rxc6 Rxc6 26. Bxd3 Nxd3 27. d5
Rc3 28. Rxa6 Rxb3 29. Ra7 Rb1+ 30. Kh2 Kf8 31. Ra8+ Kg7 32. Ra7 Kf8 33. Ra8+
Kg7 34. Bh4 f6 35. Ra7 Kf8 36. d6 exd6 37. Bxf6 b4 38. Rxh7 Re1 39. Bd4 Re2 40.
Rb7 Ne1 41. Kg3 Rxg2+ 42. Kf4 Nd3+ 43. Ke4 Nc5+ 44. Bxc5 dxc5 45. f4 Rh2 46.
Kd5 Rxh3 47. Kxc5 Rxe3 48. Rxb4 Kf7 49. Kd4 1/2-1/2

[Event "World Junior Chess Championship U18 b"]
[Site "Gaziantep"]
[Date "2008.08.11"]
[Round "9.8"]
[White "Mamedov, Rauf"]
[Black "Hammer, Jon Ludvig"]
[Result "1/2-1/2"]
[WhiteElo "2627"]
[BlackElo "2494"]
[PlyCount "207"]
[EventDate "2008.08.??"]
[EventType "swiss"]
[EventRounds "13"]
[EventCountry "TUR"]

1. e4 e5 2. Bc4 Nf6 3. d3 c6 4. Bb3 d5 5. Qe2 dxe4 6. dxe4 Na6 7. Nf3 Nc5 8.
Nxe5 Nxb3 9. axb3 Qd4 10. Nc4 Qxe4 11. Qxe4+ Nxe4 12. Nb6 Rb8 13. Rxa7 Bc5 14.
Be3 Bxe3 15. fxe3 Be6 16. Nc3 Nxc3 17. bxc3 Kd8 18. c4 Kc7 19. c5 Rhe8 20. Rf1
f6 21. Rf4 Bf7 22. Kd2 Re5 23. b4 Be6 24. Rd4 Re8 25. c4 Bf5 26. Ra3 h5 27.
Na8+ Kc8 28. Nb6+ Kc7 29. g3 R8e7 30. h4 Re8 31. Na8+ Kc8 32. Rd6 R8e7 33. Rc3
Re8 34. Rd4 R8e7 35. Rb3 Re8 36. Ra3 R8e7 37. Ke2 Re8 38. Kf2 R8e7 39. Rd6 Re8
40. Rd2 Kb8 41. Nb6 Kc7 42. Rd4 R8e7 43. Rd6 Re8 44. Rd2 Bg4 45. Rdd3 Rf5+ 46.
Kg2 Rfe5 47. Na8+ Kc8 48. Kf2 Rf5+ 49. Ke1 Rfe5 50. Kd2 Bf5 51. Rd4 Bg4 52.
Rdd3 Bf5 53. Nb6+ Kc7 54. Rdc3 Rd8+ 55. Ke1 Bg4 56. Rd3 Rde8 57. Kd2 Bf5 58.
Rd4 Bg4 59. Na4 Ra8 60. Rdd3 Bf5 61. Nb2 Rxa3 62. Rxa3 Re4 63. Ra8 Rg4 64. Rh8
g6 65. b5 cxb5 66. cxb5 Rb4 67. Rh7+ Kb8 68. Kc3 Rxb5 69. Na4 Be6 70. Re7 Rb3+
71. Kd2 Bf5 72. Nb6 Ka7 73. e4 Bg4 74. Nd5 Ka6 75. Ne3 Bf3 76. Re6+ Ka5 77. Re7
Ka6 78. Nd5 Bg4 79. Ne3 Bf3 80. Re6+ Ka5 81. Rxf6 Bxe4 82. Re6 Bb1 83. Re7 Ka6
84. Re6+ Ka5 85. c6 bxc6 86. Rxc6 Rb8 87. Kc3 Kb5 88. Rc4 Re8 89. Nd5 Re1 90.
Nc7+ Kb6 91. Nd5+ Kb5 92. Rc7 Rc1+ 93. Kd4 Rxc7 94. Nxc7+ Kc6 95. Nd5 Kd6 96.
Ne3 Ke6 97. g4 hxg4 98. Nxg4 Kf5 99. Ne5 Kf4 100. Kd5 Kg3 101. Ke6 Kxh4 102.
Kf6 Bc2 103. Nxg6+ Bxg6 104. Kxg6 1/2-1/2

[Event "World Junior Chess Championship U18 b"]
[Site "Gaziantep"]
[Date "2008.08.11"]
[Round "9.9"]
[White "Laznicka, Viktor"]
[Black "Wen, Yang"]
[Result "0-1"]
[WhiteElo "2601"]
[BlackElo "2487"]
[PlyCount "96"]
[EventDate "2008.08.??"]
[EventType "swiss"]
[EventRounds "13"]
[EventCountry "TUR"]

1. d4 d5 2. c4 dxc4 3. e4 e5 4. Nf3 exd4 5. Bxc4 Bb4+ 6. Bd2 Bxd2+ 7. Nbxd2 Qf6
8. O-O Ne7 9. e5 Qg6 10. Nxd4 Nbc6 11. N2f3 Bg4 12. Qb3 O-O 13. Qxb7 Rab8 14.
Qa6 Nxd4 15. Nxd4 Qxa6 16. Bxa6 Rxb2 17. Rfc1 Rb6 18. Bf1 c6 19. Rc4 Rd8 20.
Rac1 h5 21. a4 Rd5 22. f4 Bd7 23. Be2 g6 24. R1c3 Nf5 25. Nxf5 Bxf5 26. Bf3 Rd2
27. h4 Be6 28. Rxc6 Rb4 29. Ra6 Ra2 30. Rxa7 Rxf4 31. a5 Rxh4 32. Bc6 Rc4 33.
Rxc4 Bxc4 34. Bf3 Be6 35. g3 Kg7 36. a6 Kh6 37. Ra8 Kg5 38. a7 h4 39. gxh4+ Kf4
40. Be2 Kg3 41. Rd8 Rxa7 42. h5 gxh5 43. Bxh5 Kf4 44. Kf2 Ra2+ 45. Be2 Ke4 46.
Rh8 Bg4 47. Rh4 Rxe2+ 48. Kg3 Kf5 0-1

[Event "World Junior Chess Championship U18 b"]
[Site "Gaziantep"]
[Date "2008.08.11"]
[Round "9.10"]
[White "Zhigalko, Sergei"]
[Black "Nechepurenko, Roman"]
[Result "1-0"]
[WhiteElo "2583"]
[BlackElo "2476"]
[PlyCount "51"]
[EventDate "2008.08.??"]
[EventType "swiss"]
[EventRounds "13"]
[EventCountry "TUR"]

1. e4 c5 2. c3 g6 3. d4 cxd4 4. cxd4 d5 5. Nc3 dxe4 6. Bc4 Nf6 7. Qb3 e6 8. d5
exd5 9. Nxd5 Nxd5 10. Bxd5 Qf6 11. Ne2 Bg7 12. Nc3 O-O 13. Be3 Nc6 14. O-O Ne7
15. Bxe4 Qa6 16. Bc5 Re8 17. Rfe1 Be6 18. Bxb7 Bxb3 19. Bxa6 Be6 20. Rad1 Rab8
21. Nb5 Nd5 22. Bxa7 Rbd8 23. Bb7 Bxb2 24. Bc6 Rf8 25. Bc5 Bc3 26. Rxe6 1-0

[Event "World Junior Chess Championship U18 b"]
[Site "Gaziantep"]
[Date "2008.08.11"]
[Round "9.11"]
[White "Arun, Prasad Subramanian"]
[Black "Le Quang, Liem"]
[Result "1/2-1/2"]
[WhiteElo "2492"]
[BlackElo "2577"]
[PlyCount "76"]
[EventDate "2008.08.??"]
[EventType "swiss"]
[EventRounds "13"]
[EventCountry "TUR"]

1. d4 Nf6 2. c4 c6 3. Nf3 d5 4. e3 g6 5. Nc3 Bg7 6. Bd3 O-O 7. O-O Bg4 8. h3
Bxf3 9. Qxf3 dxc4 10. Bxc4 Nbd7 11. Rd1 e5 12. d5 cxd5 13. Bxd5 Qb6 14. Bxb7
Rad8 15. Qc6 Qb4 16. Qb5 Qxb5 17. Nxb5 Nc5 18. Bf3 e4 19. Be2 Rxd1+ 20. Bxd1
Rd8 21. Be2 Nd5 22. Rb1 Nd3 23. Bxd3 exd3 24. Bd2 Rc8 25. Na3 Bf8 26. Rd1 Bxa3
27. bxa3 Nc3 28. Bxc3 Rxc3 29. e4 Rxa3 30. Rd2 Kg7 31. f4 Kf6 32. Kf2 Ke6 33.
Ke3 h5 34. g3 f6 35. h4 a5 36. Kd4 Kd6 37. Kc4 Ke6 38. Kd4 Kd6 1/2-1/2

[Event "World Junior Chess Championship U18 b"]
[Site "Gaziantep"]
[Date "2008.08.11"]
[Round "9.12"]
[White "Amin, Bassem"]
[Black "Borus, Denes"]
[Result "0-1"]
[WhiteElo "2561"]
[BlackElo "2472"]
[PlyCount "106"]
[EventDate "2008.08.??"]
[EventType "swiss"]
[EventRounds "13"]
[EventCountry "TUR"]

1. e4 c5 2. Nf3 Nc6 3. d3 g6 4. g3 Bg7 5. Bg2 e5 6. O-O Nge7 7. c3 O-O 8. a3 a5
9. a4 d6 10. Na3 h6 11. Nd2 Be6 12. f4 d5 13. Nb5 Kh7 14. Qe2 exf4 15. gxf4 Qd7
16. Nf3 Bg4 17. Be3 b6 18. Rad1 Na7 19. c4 d4 20. Bc1 Nac6 21. Qf2 Na7 22. Qh4
Nxb5 23. axb5 f5 24. e5 Rae8 25. Rde1 Bxf3 26. Bxf3 Qe6 27. Kh1 Rd8 28. Rg1 Rg8
29. Re2 Rd7 30. Reg2 Bh8 31. Bd2 Rc7 32. Be1 Bg7 33. Qh3 Rd7 34. Bh4 Bf8 35.
Rg3 Nc8 36. Bf6 Ne7 37. Qh4 Qf7 38. Rh3 Bg7 39. Rgg3 Qf8 40. Kg1 Rh8 41. Kf2
Bxf6 42. exf6 Ng8 43. Bc6 Rf7 44. Be8 Rxf6 45. Bc6 Rd6 46. Rg1 Qf6 47. Qg3 Ne7
48. Bf3 Re6 49. Be2 Re3 50. Qg2 Qe6 51. Ke1 Re8 52. Kd1 Rxh3 53. Qxh3 Nd5 0-1

[Event "World Junior Chess Championship U18 b"]
[Site "Gaziantep"]
[Date "2008.08.11"]
[Round "9.13"]
[White "Gupta, Abhijeet"]
[Black "Sengupta, Deep"]
[Result "1-0"]
[WhiteElo "2551"]
[BlackElo "2454"]
[PlyCount "81"]
[EventDate "2008.08.??"]
[EventType "swiss"]
[EventRounds "13"]
[EventCountry "TUR"]

1. d4 d6 2. c4 e5 3. Nf3 Nd7 4. Nc3 Ngf6 5. Bg5 Be7 6. e3 c6 7. Qc2 O-O 8. Bd3
Qc7 9. Bxh7+ Nxh7 10. Bxe7 Re8 11. Bh4 Ndf8 12. Bg3 Bg4 13. dxe5 dxe5 14. Nd2
Rad8 15. f3 Bh5 16. O-O-O Bg6 17. e4 f6 18. Bf2 Bf7 19. Qa4 b6 20. Nb3 Ne6 21.
Be3 c5 22. Rxd8 Rxd8 23. Rd1 Nd4 24. Nd5 Qb7 25. Nxd4 cxd4 26. Bd2 Nf8 27. Kb1
Nd7 28. Qa3 Nc5 29. g4 a5 30. Nxb6 Nxe4 31. fxe4 Qxe4+ 32. Ka1 Qe2 33. Qa4 e4
34. c5 d3 35. c6 Rd4 36. b4 Qxh2 37. Qxa5 Be6 38. Nd7 e3 39. Qa8+ Kf7 40. Qf8+
Kg6 41. Qe8+ 1-0

[Event "World Junior Chess Championship U18 b"]
[Site "Gaziantep"]
[Date "2008.08.11"]
[Round "9.15"]
[White "Can, Emre"]
[Black "Leon Hoyos, Manuel"]
[Result "1-0"]
[WhiteElo "2460"]
[BlackElo "2543"]
[PlyCount "69"]
[EventDate "2008.08.??"]
[EventType "swiss"]
[EventRounds "13"]
[EventCountry "TUR"]

1. e4 g6 2. d4 Bg7 3. Nc3 a6 4. f4 b5 5. Nf3 Bb7 6. Bd3 d6 7. O-O Nd7 8. e5 e6
9. Ne4 Qb8 10. Bd2 Ne7 11. Qe2 Bd5 12. a4 O-O 13. axb5 axb5 14. Rxa8 Bxa8 15.
Be1 Nd5 16. Bd2 Ne7 17. Kh1 Qb6 18. c3 Bd5 19. Be1 Bc4 20. Bh4 Nd5 21. Nfd2
Bxd3 22. Qxd3 Ra8 23. g4 Qc6 24. Kg1 N5b6 25. Nf3 Ra2 26. f5 Qd5 27. fxg6 hxg6
28. Nfg5 Rxb2 29. Qf3 f5 30. exf6 Bh6 31. f7+ Kh8 32. f8=Q+ Bxf8 33. Qxf8+ Nxf8
34. Rxf8+ Kg7 35. Rf7+ 1-0

[Event "World Junior Chess Championship U18 b"]
[Site "Gaziantep"]
[Date "2008.08.11"]
[Round "9.16"]
[White "Kalashian, David"]
[Black "Ramirez, Alejandro"]
[Result "0-1"]
[WhiteElo "2432"]
[BlackElo "2531"]
[PlyCount "160"]
[EventDate "2008.08.??"]
[EventType "swiss"]
[EventRounds "13"]
[EventCountry "TUR"]

1. d4 Nf6 2. c4 c5 3. Nf3 cxd4 4. Nxd4 e5 5. Nb5 d5 6. cxd5 Bc5 7. N5c3 O-O 8.
g3 e4 9. e3 Bg4 10. Be2 Bh3 11. Rg1 Qc7 12. a3 Rd8 13. b4 Bf8 14. Bb2 a6 15.
Qb3 Nbd7 16. Nd2 Bf5 17. Nc4 b5 18. d6 Qb8 19. Na5 Ne5 20. Nxe4 Nxe4 21. Bxe5
Bxd6 22. Bd4 Qc7 23. Qb2 Rac8 24. Nb3 Qe7 25. Rd1 Bxb4+ 26. axb4 Qxb4+ 27. Kf1
Bh3+ 28. Rg2 Nc3 29. Bxc3 Rxd1+ 30. Bxd1 Qxc3 31. Qe2 Be6 32. Nd2 Rd8 33. f3
Bh3 34. Ne4 Qc1 35. Nf2 Bxg2+ 36. Kxg2 Rd2 37. Qf1 h5 38. e4 b4 39. e5 Qc5 40.
Qe1 Qd5 41. Kg1 Rb2 42. f4 h4 43. gxh4 Qd2 44. Qxd2 Rxd2 45. Kf1 a5 46. Ke1 Rb2
47. Nd3 Rb1 48. Nc5 b3 49. Nxb3 a4 50. Nd2 a3 51. Nxb1 a2 52. Nd2 a1=Q 53. Nf3
Qc1 54. f5 Qf4 55. e6 f6 56. Kf2 Qxf5 57. Bb3 Qc5+ 58. Kg3 Kf8 59. Kg2 Qb5 60.
Bd1 Qd3 61. Ba4 Qe2+ 62. Kg3 Qxe6 63. Bc2 f5 64. h5 Qd6+ 65. Kg2 Qf4 66. h3 Ke7
67. Bd3 Kf6 68. Be2 Qh6 69. Ng1 Qe3 70. Bf3 Kg5 71. Ne2 Kh4 72. Ng1 Qe1 73. Be2
Qg3+ 74. Kf1 Kg5 75. Bd1 Kf6 76. Be2 Ke5 77. Bf3 Kf4 78. Ne2+ Kxf3 79. Nxg3
Kxg3 80. Ke2 f4 0-1

[Event "World Junior Chess Championship U18 b"]
[Site "Gaziantep"]
[Date "2008.08.11"]
[Round "9.17"]
[White "Lin, Chen"]
[Black "Geetha, Narayanan Gopal"]
[Result "1/2-1/2"]
[WhiteElo "2417"]
[BlackElo "2572"]
[PlyCount "64"]
[EventDate "2008.08.??"]
[EventType "swiss"]
[EventRounds "13"]
[EventCountry "TUR"]

1. e4 c5 2. Nf3 d6 3. d4 cxd4 4. Nxd4 Nf6 5. Nc3 a6 6. f4 e5 7. Nf3 Nbd7 8. a4
Be7 9. Bd3 O-O 10. O-O exf4 11. Bxf4 Qb6+ 12. Kh1 Qxb2 13. Nd5 Nxd5 14. exd5
Nc5 15. Qe2 Nxd3 16. Qxd3 Qb4 17. c4 Re8 18. h3 Bf6 19. Rae1 Rxe1 20. Rxe1 Bd7
21. Rb1 Qc5 22. Rxb7 Bxa4 23. Bg5 Be5 24. Qf5 Be8 25. Nxe5 dxe5 26. Qxe5 Qxc4
27. Rc7 Qb5 28. Be3 Qf1+ 29. Kh2 Qf6 30. Qxf6 gxf6 31. Re7 Bb5 32. Bd4 Rd8
1/2-1/2

[Event "World Junior Chess Championship U18 b"]
[Site "Gaziantep"]
[Date "2008.08.11"]
[Round "9.18"]
[White "Lenic, Luka"]
[Black "Djuraev, Sokhib"]
[Result "1-0"]
[WhiteElo "2584"]
[BlackElo "2324"]
[PlyCount "111"]
[EventDate "2008.08.??"]
[EventType "swiss"]
[EventRounds "13"]
[EventCountry "TUR"]

1. d4 d6 2. c4 e5 3. Nf3 Nc6 4. Nc3 Bg4 5. d5 Nce7 6. e4 Ng6 7. h3 Bxf3 8. Qxf3
Be7 9. g3 Bg5 10. h4 Bxc1 11. Rxc1 b6 12. Bh3 h5 13. b4 a5 14. a3 axb4 15. axb4
Nf6 16. O-O O-O 17. Nb5 Ne7 18. Ra1 Rxa1 19. Rxa1 Qb8 20. Qe3 Rd8 21. Ra6 Kf8
22. Kh2 Nc8 23. f3 Ne7 24. Qa3 c6 25. Nc3 cxd5 26. exd5 Qc7 27. Qa2 Rb8 28. Ra7
Qd8 29. Ne4 Nxe4 30. fxe4 Ng8 31. Rd7 Qf6 32. Rb7 Qd8 33. Rd7 Qf6 34. Kg2 Nh6
35. Qa7 Rc8 36. Qb7 Rd8 37. Qxb6 Rxd7 38. Bxd7 Kg8 39. b5 Qe7 40. Bc8 Ng4 41.
Bxg4 hxg4 42. Qa5 Qf6 43. Qa3 Qd8 44. Qa7 Qf6 45. Qe3 Qd8 46. b6 Qa8 47. Qb3
Qb7 48. Qb4 Kh7 49. Qa5 f5 50. exf5 Qf7 51. Qd2 Qxf5 52. Qb2 g5 53. h5 Qc8 54.
b7 Qb8 55. Qb1+ Kh8 56. h6 1-0

[Event "World Junior Chess Championship U18 b"]
[Site "Gaziantep"]
[Date "2008.08.11"]
[Round "9.19"]
[White "Iturrizaga, Bonelli Eduardo Pat"]
[Black "Toufighi, Tamijani Homayoon"]
[Result "1/2-1/2"]
[WhiteElo "2561"]
[BlackElo "2425"]
[PlyCount "33"]
[EventDate "2008.08.??"]
[EventType "swiss"]
[EventRounds "13"]
[EventCountry "TUR"]

1. Nf3 Nf6 2. c4 e6 3. Nc3 d5 4. d4 dxc4 5. Qa4+ c6 6. Qxc4 b5 7. Qb3 Nbd7 8.
g3 b4 9. Na4 Qa5 10. Be3 Ba6 11. Rc1 Bb5 12. Nc5 Nxc5 13. dxc5 Ba4 14. Qc4 Bb5
15. Qb3 Ba4 16. Qc4 Bb5 17. Qb3 1/2-1/2

[Event "World Junior Chess Championship U18 b"]
[Site "Gaziantep"]
[Date "2008.08.11"]
[Round "9.20"]
[White "Rombaldoni, Denis"]
[Black "Khamrakulov, Dzhurabek"]
[Result "1/2-1/2"]
[WhiteElo "2418"]
[BlackElo "2554"]
[PlyCount "91"]
[EventDate "2008.08.??"]
[EventType "swiss"]
[EventRounds "13"]
[EventCountry "TUR"]

1. d4 Nf6 2. Nf3 e6 3. c4 d5 4. g3 Be7 5. Bg2 O-O 6. O-O c5 7. cxd5 exd5 8. Nc3
Nc6 9. Bg5 Be6 10. dxc5 Bxc5 11. Rc1 Be7 12. Nd4 h6 13. Be3 Ng4 14. Bf4 g5 15.
Nxe6 fxe6 16. e4 Nxf2 17. Qh5 Rf6 18. Be3 d4 19. Bxf2 dxc3 20. Rxc3 Qa5 21. Rf3
Kg7 22. Be1 Qc5+ 23. Kh1 Raf8 24. Bc3 Ne5 25. Rxf6 Bxf6 26. h4 Nd7 27. Rd1 Rf7
28. Rf1 Rf8 29. Qd1 Qe7 30. e5 Bxe5 31. Rxf8 Kxf8 32. Qf3+ Qf7 33. Qxb7 Bxc3
34. Qc8+ Kg7 35. Qxc3+ Nf6 36. Qd4 Qc7 37. hxg5 hxg5 38. Qe3 Kh6 39. b4 e5 40.
Qc5 Qd7 41. Qc6 Qd1+ 42. Kh2 Qh5+ 43. Kg1 Qd1+ 44. Kh2 Qh5+ 45. Kg1 Qd1+ 46.
Kh2 1/2-1/2

[Event "World Junior Chess Championship U18 b"]
[Site "Gaziantep"]
[Date "2008.08.11"]
[Round "9.21"]
[White "Potapov, Pavel"]
[Black "Ragger, Markus"]
[Result "1/2-1/2"]
[WhiteElo "2418"]
[BlackElo "2527"]
[PlyCount "46"]
[EventDate "2008.08.??"]
[EventType "swiss"]
[EventRounds "13"]
[EventCountry "TUR"]

1. e4 e5 2. Nf3 Nc6 3. Nc3 Nf6 4. d4 exd4 5. Nxd4 Nxe4 6. Nxe4 Qe7 7. f3 d5 8.
Bb5 Bd7 9. O-O dxe4 10. Bxc6 bxc6 11. Re1 O-O-O 12. Rxe4 Qf6 13. Qe2 Bc5 14.
Be3 Rhe8 15. Nb3 Bxe3+ 16. Qxe3 c5 17. Rd1 Rxe4 18. Qxe4 Bc6 19. Rxd8+ Kxd8 20.
Qe3 Qxb2 21. Qxc5 Kd7 22. a3 a6 23. Qf5+ Ke7 1/2-1/2

[Event "World Junior Chess Championship U18 b"]
[Site "Gaziantep"]
[Date "2008.08.11"]
[Round "9.22"]
[White "Karthikeyan, Pandian"]
[Black "Swiercz, Dariusz"]
[Result "1-0"]
[WhiteElo "2402"]
[BlackElo "2456"]
[PlyCount "87"]
[EventDate "2008.08.??"]
[EventType "swiss"]
[EventRounds "13"]
[EventCountry "TUR"]

1. d4 g6 2. Nf3 Bg7 3. c3 f5 4. h4 Nf6 5. Bg5 Nh5 6. e3 d6 7. Bc4 Nc6 8. b4 h6
9. Bf4 e5 10. dxe5 Nxe5 11. Bxe5 dxe5 12. Qxd8+ Kxd8 13. Bf7 Bf6 14. Bxg6 Ng7
15. h5 a5 16. b5 a4 17. Nbd2 Be6 18. e4 f4 19. Ke2 a3 20. Ne1 Ra5 21. c4 Ke7
22. Nd3 Rc8 23. Rab1 Ra7 24. f3 Bg8 25. Bf5 Rd8 26. Bg4 c6 27. bxc6 bxc6 28.
Rb6 Be6 29. Nb4 Bd7 30. Bxd7 Kxd7 31. Nxc6 Kc7 32. c5 Ra4 33. Nxd8 Bxd8 34.
Rxh6 Kc8 35. Nb3 Ne8 36. Rh8 Nc7 37. Rd1 Ne6 38. Rd6 Rc4 39. Rxe6 Rc2+ 40. Kd3
Rxg2 41. Rd6 Kc7 42. Rhxd8 Rf2 43. R8d7+ Kc8 44. Rg7 1-0

[Event "World Junior Chess Championship U18 b"]
[Site "Gaziantep"]
[Date "2008.08.11"]
[Round "9.23"]
[White "Sirin, Atakan"]
[Black "Ashwin, Jayaram"]
[Result "1-0"]
[WhiteElo "2107"]
[BlackElo "2436"]
[PlyCount "105"]
[EventDate "2008.08.??"]
[EventType "swiss"]
[EventRounds "13"]
[EventCountry "TUR"]

1. d4 Nf6 2. Nc3 d5 3. Bg5 Nbd7 4. Qd3 h6 5. Bxf6 Nxf6 6. e4 dxe4 7. Nxe4 Nxe4
8. Qxe4 c6 9. Bd3 Qa5+ 10. c3 Be6 11. Ne2 g5 12. O-O O-O-O 13. b4 Qd5 14. Qe3
Rg8 15. b5 cxb5 16. a4 b4 17. Rab1 Kb8 18. Rxb4 Bc8 19. Be4 Qa5 20. Bxb7 Bxb7
21. Rfb1 Rd7 22. Qf3 Qa6 23. Qxf7 Qg6 24. Qf3 Qa6 25. Qf7 Qg6 26. Qb3 Qc6 27.
d5 Qa6 28. Nd4 Rg6 29. Ne6 Rxe6 30. dxe6 Qc6 31. f3 Rc7 32. a5 Bg7 33. a6 Qxa6
34. Qd5 Kc8 35. Qf5 Bf6 36. Qg6 Qd6 37. Qe8+ Qd8 38. Rxb7 Rxb7 39. Qxd8+ Kxd8
40. Rxb7 Bxc3 41. Kf1 Be5 42. Rd7+ Ke8 43. Rxa7 Kf8 44. g3 Bd6 45. Ra5 Kg7 46.
Rf5 Kg6 47. Rf7 Bb4 48. f4 gxf4 49. gxf4 Bc3 50. f5+ Kg5 51. Rxe7 Kxf5 52. Rc7
Be5 53. e7 1-0

[Event "World Junior Chess Championship U18 b"]
[Site "Gaziantep"]
[Date "2008.08.11"]
[Round "9.24"]
[White "Lortkipanidze, Nodar"]
[Black "Baratosi, Daniel"]
[Result "1/2-1/2"]
[WhiteElo "2080"]
[BlackElo "2433"]
[PlyCount "49"]
[EventDate "2008.08.??"]
[EventType "swiss"]
[EventRounds "13"]
[EventCountry "TUR"]

1. e4 c5 2. c3 Nf6 3. e5 Nd5 4. d4 cxd4 5. cxd4 e6 6. Nc3 Nxc3 7. bxc3 d6 8. f4
dxe5 9. fxe5 Qh4+ 10. g3 Qe4+ 11. Kf2 Qxh1 12. Nf3 Bd7 13. Qe2 Ba3 14. Bb2 Bc6
15. Bg2 Qxg2+ 16. Kxg2 Bxb2 17. Qxb2 O-O 18. Rf1 Nd7 19. Kg1 Nb6 20. Qc2 h6 21.
Nd2 Rac8 22. Qd3 Bd5 23. Rc1 Nc4 24. Ne4 Rc6 25. g4 1/2-1/2

[Event "World Junior Chess Championship U18 b"]
[Site "Gaziantep"]
[Date "2008.08.11"]
[Round "9.25"]
[White "Baramidze, David"]
[Black "Pacher, Milan"]
[Result "1/2-1/2"]
[WhiteElo "2593"]
[BlackElo "2361"]
[PlyCount "92"]
[EventDate "2008.08.??"]
[EventType "swiss"]
[EventRounds "13"]
[EventCountry "TUR"]

1. e4 c5 2. Nf3 Nc6 3. d4 cxd4 4. Nxd4 Nf6 5. Nc3 e5 6. Ndb5 d6 7. Bg5 a6 8.
Na3 b5 9. Nd5 Be7 10. Bxf6 Bxf6 11. c3 Bg5 12. Nc2 Ne7 13. h4 Bh6 14. a4 bxa4
15. Ncb4 O-O 16. Qxa4 a5 17. Bb5 Nxd5 18. Nxd5 Be6 19. Bc6 Rb8 20. b4 Bxd5 21.
Bxd5 axb4 22. cxb4 Kh8 23. Qa5 Qc8 24. b5 Qg4 25. O-O Qxh4 26. Ra3 f5 27. exf5
Qd4 28. Bc6 Bd2 29. Qc7 e4 30. Rh3 Bb4 31. f6 Qxf6 32. Bxe4 h6 33. Qc4 Bc5 34.
Bb1 g5 35. Rf3 Qg7 36. Bf5 Qd4 37. Qe6 Qf6 38. Qc4 Qd4 39. Qe6 Qf6 40. Qb3 Qe5
41. g4 Rxb5 42. Qxb5 Bxf2+ 43. R1xf2 Qxb5 44. Bd3 Rxf3 45. Bxb5 Rxf2 46. Kxf2
h5 1/2-1/2

[Event "World Junior Chess Championship U18 b"]
[Site "Gaziantep"]
[Date "2008.08.11"]
[Round "9.26"]
[White "Papadopoulos, Ioannis"]
[Black "Vishnu, Prasanna Vasanthan"]
[Result "1/2-1/2"]
[WhiteElo "2490"]
[BlackElo "2341"]
[PlyCount "29"]
[EventDate "2008.08.??"]
[EventType "swiss"]
[EventRounds "13"]
[EventCountry "TUR"]

1. e4 c5 2. b3 Nc6 3. Bb2 Nf6 4. e5 Nd5 5. Bb5 Nc7 6. Bxc6 dxc6 7. Nc3 g6 8. d3
Bg7 9. Ne4 b6 10. Qd2 Ne6 11. f4 f5 12. exf6 exf6 13. O-O-O Nd4 14. c3 Nb5 15.
Ng3 1/2-1/2

[Event "World Junior Chess Championship U18 b"]
[Site "Gaziantep"]
[Date "2008.08.11"]
[Round "9.27"]
[White "Abdulov, Orkhan"]
[Black "Stupak, Kirill"]
[Result "1-0"]
[WhiteElo "2318"]
[BlackElo "2458"]
[PlyCount "61"]
[EventDate "2008.08.??"]
[EventType "swiss"]
[EventRounds "13"]
[EventCountry "TUR"]

1. e4 e6 2. d4 d5 3. exd5 exd5 4. c4 Bb4+ 5. Nc3 Nf6 6. Bd3 c5 7. Nge2 Bg4 8.
cxd5 Nxd5 9. f3 Be6 10. a3 Bxc3+ 11. bxc3 cxd4 12. Nxd4 O-O 13. Nxe6 Qe7 14.
Bxh7+ Kxh7 15. Qxd5 Qxe6+ 16. Qxe6 fxe6 17. Kf2 Nc6 18. Re1 Rfe8 19. Bg5 Rac8
20. Rad1 Na5 21. Rd7 Kg6 22. Bf4 Rxc3 23. Re5 Rc2+ 24. Kg3 Nc4 25. Rg5+ Kf6 26.
Rgxg7 e5 27. Bg5+ Ke6 28. Rxb7 a5 29. Rbc7 Rb8 30. h4 a4 31. Rg6+ 1-0

[Event "World Junior Chess Championship U18 b"]
[Site "Gaziantep"]
[Date "2008.08.11"]
[Round "9.28"]
[White "Pruijssers, Roeland"]
[Black "Dragicevic, Drazen"]
[Result "1-0"]
[WhiteElo "2452"]
[BlackElo "2302"]
[PlyCount "51"]
[EventDate "2008.08.??"]
[EventType "swiss"]
[EventRounds "13"]
[EventCountry "TUR"]

1. e4 c5 2. Nf3 Nc6 3. d4 cxd4 4. Nxd4 Nf6 5. Nc3 e5 6. Ndb5 d6 7. Nd5 Nxd5 8.
exd5 Nb8 9. c4 a6 10. Nc3 Be7 11. Bd3 O-O 12. O-O f5 13. f3 Bg5 14. Bxg5 Qxg5
15. f4 exf4 16. Qe2 Qh6 17. Rae1 g5 18. Qe7 Qg7 19. Qxd6 Qd4+ 20. Rf2 Nd7 21.
Rd1 Ne5 22. Be4 Nxc4 23. Qxf8+ Kxf8 24. Rxd4 fxe4 25. Rxc4 e3 26. Rf1 1-0

[Event "World Junior Chess Championship U18 b"]
[Site "Gaziantep"]
[Date "2008.08.11"]
[Round "9.29"]
[White "Rzayev, Bahruz"]
[Black "Tomczak, Jacek"]
[Result "0-1"]
[WhiteElo "2245"]
[BlackElo "2451"]
[PlyCount "134"]
[EventDate "2008.08.??"]
[EventType "swiss"]
[EventRounds "13"]
[EventCountry "TUR"]

1. e4 c6 2. d4 d5 3. f3 e6 4. Be3 b6 5. Bd3 Ba6 6. Bxa6 Nxa6 7. Qe2 Nc7 8. Nd2
Nf6 9. O-O-O Qc8 10. g4 Qa6 11. e5 Nd7 12. Qxa6 Nxa6 13. Ne2 c5 14. f4 cxd4 15.
Nxd4 Rc8 16. Kb1 Nb4 17. c3 Nc6 18. N2f3 a6 19. f5 Ncxe5 20. Nxe5 Nxe5 21. fxe6
Nxg4 22. Rde1 Bc5 23. Bg1 f6 24. Nf5 g6 25. Bxc5 Rxc5 26. Nd4 Ke7 27. Nf3 Rc4
28. h3 Rf4 29. hxg4 Rxf3 30. Rd1 Kxe6 31. c4 Re3 32. Rxd5 Rc8 33. b3 b5 34.
Rhd1 bxc4 35. Rd6+ Kf7 36. bxc4 Re6 37. Rd7+ Re7 38. R7d4 Rc5 39. Kc2 Ra5 40.
Ra1 Ra3 41. Kb2 Ra5 42. a4 h5 43. gxh5 Rxh5 44. Kc3 Re3+ 45. Rd3 Rxd3+ 46. Kxd3
Ke6 47. Kd4 Kd6 48. Rg1 Rg5 49. Rd1 Re5 50. Rg1 g5 51. Rb1 g4 52. Rb6+ Ke7 53.
Rxa6 g3 54. Ra7+ Kf8 55. Rb7 Re1 56. Rb2 f5 57. a5 f4 58. Rg2 Ke7 59. a6 f3 60.
Rxg3 f2 61. Rf3 f1=Q 62. Rxf1 Rxf1 63. Kc5 Kd7 64. a7 Ra1 65. Kb6 Kc8 66. c5
Ra2 67. c6 Ra1 0-1